Les vacances des Europeens IX)Espagne X)Portugal

Saved in:
Bibliographic Details
Main Author: Baretje, Rene
Format: Book
Language:French
Published: Paris : Centre des hautes etudes touristiques, 1983
Series:Cahiers du tourisme. Serie D ; ; 11
Subjects:
Tags: Add Tag
No Tags, Be the first to tag this record!

MARC

LEADER 00000nam a2200000 i 4500
001 1/68314
008 960620s1983 fre d
035 |l 10030173 
040 |a GR-MY-UA  |b gre  |e aacr 
041 0 |a fre 
082 0 |a 338.4791 
100 1 |a Baretje, Rene. 
245 1 4 |a Les vacances des Europeens IX)Espagne X)Portugal /  |c R.Baredje 
260 |a Paris :   |b Centre des hautes etudes touristiques,   |c 1983 
300 |a 46 p. 
490 1 |a Cahiers du tourisme. Serie D  |v ; 11 
650 0 0 |a Tourism. 
830 0 |a Cahiers du tourisme. Serie D ;  |v ; 11 
852 |a INST  |b CHIOS  |e 19960620  |h 338.4791 BAR  |p 005200007652  |q 005200007652  |t BK  |y 0 
909 |a Χ  |b 032555